Responses for Show #2695 - Friday, April 26, 1996

Beverly Spurs game 4.

Contestants

[<< previous game]

Edith Balbach, a health researcher from San Francisco, California

Charles Whetsel, an engineer from Pasadena, California

Beverly Spurs, a podiatrist from Concord, California (whose 3-day cash winnings total $40,800)

[next game >>]

Jeopardy! Round responses

SOUTH OF THE BORDER
POLITICAL TERMS
FOOD & DRINK
POP MUSIC
WORLD HISTORY
HOMOPHONES
    $100 21
Canada

Charles
    $100 6
city hall

Beverly
    $100 9
lemonade

Charles
    $100 2
"Killing Me Softly with His Song"

Beverly
    $100 1
Incan

Charles
    $100 26
plain-plane

Edith
    $200 22
Guatemala

Beverly
    $200 10
Reagan

Charles
    $200 15
beans

Edith
    $200 4
Queen Latifah

Beverly
    $200 3
coal

Charles
    $200 27
fare-fair

Charles
    $300 23
Brazil

Beverly
    $300 14
trial balloon

Charles
    $300 16
crab

Charles
    $300 11
Paul McCartney

Charles
    $300 5
(Charles: What is Hispaniola?)

Puerto Rico

CharlesEdith
    $300 28
creak-creek

Charles
    $400 24
Spain

Edith
    $400 17
junta

Edith
    $400 19
tarragon

Beverly
    $600 12
[The song was reprised going into the first break.]

Grease

Charles
    $400 7
Tito

Beverly
    $400 29
(Beverly: What is Lapp?)
(Alex: Yes, [*].)

lapse-Lapps

Beverly
    $500 25
Saudi Arabia

Beverly
    $500 18
(Beverly: What is a free lunch?)
...
(Alex: Mr. McGovern was talking about the [*]. Not a bad idea.)
[Laughter]

3 martini lunch

Beverly
Triple Stumper
    $500 20
retsina

Beverly
    $500 13
The Everly Brothers

Edith
    $500 8
Hungary

Beverly
    $500 30
oral-aural

Charles

Scores at the first commercial break (after clue 15):

Beverly Charles Edith
$1,300 $1,500 $1,000

Scores at the end of the Jeopardy! Round:

Beverly Charles Edith
$3,100 $2,900 $1,900

Double Jeopardy! Round responses

FRENCH LITERATURE
FIRST LADIES
TRANSPORTATION
MOVIE VILLAINS
MOUNTAINS
ISAAC NEWTON
    $200 9
Hugo

Charles
    $200 1
(Edith: What's a [*]?)
(Alex: No. ...Will we accept [*]? All right, we were looking for [**].)

*memoir (**autobiography)

Edith
    $200 26
kite

Edith
    $200 17
Waterworld

Beverly
    $200 6
Mt. Fuji

Beverly
    $200 14
telescope

Beverly
    $400 10
Jules Verne

Beverly
    $400 2
(Edith: Who is Dolley Madison?)

Martha Washington

Edith
Triple Stumper
    $400 27
locks

Edith
    $400 18
Casablanca

Beverly
    $400 7
Himalayas

Beverly
    $400 22
Halley

Beverly
    $600 11
short stories

Edith
    $600 3
Lou Hoover

Beverly
    $600 28
toboggan

Edith
    $600 19
Chinatown

Triple Stumper
    $600 8
(Beverly: What is Mauna Kea?)

Mauna Loa

BeverlyCharles
    $600 23
Galileo

Charles
    $800 12
(Gustave) Flaubert

Edith
    $800 4
Woodrow Wilson

Beverly
    $800 29
jet engine

Charles
    $800 20
The Manchurian Candidate

Beverly
    $800 15
Ecuador

Beverly
    $3,000 24
calculus

Charles
    $1000 13
Voltaire

Charles
    $1,500 5
(Beverly: ... I'm sorry.)

Pierce

Beverly
    $1000 30
Lake Baikal

Beverly
    $1000 21
The Third Man

Beverly
    $1000 16
Mt. Pelée

Beverly
    $1000 25
Queen Anne

Beverly

Scores at the end of the Double Jeopardy! Round:

Beverly Charles Edith
$10,200 $9,100 $4,300

[wagering suggestions for these scores]

Final Jeopardy! Round responses

EUROPEAN DRAMA
EdithWhat is Hedda Gabler?
$1,000
CharlesWhat is Hetta Gabler
$499
BeverlyWhat is Hedda Gabler?
$8,001
Hedda Gabler

Final scores:

Beverly Charles Edith
$18,201 $9,599 $5,300
4-day champion: $59,001 2nd place: trip to 1996 Olympics in Atlanta + John Williams CD, Summon the Heroes 3rd place: Panasonic 27" super flat TV system + John Williams CD, Summon the Heroes

Game dynamics:

Coryat scores:

Beverly Charles Edith
$11,700 $6,700 $4,300
26 R,
3 W
(including 1 DD)
18 R
(including 2 DDs),
1 W
12 R,
1 W

Combined Coryat: $22,700

[game clues] [game scores] [suggest correction]

Game tape date: Unknown
The J! Archive is created by fans, for fans. Scraping, republication, monetization, and malicious use prohibited; this site may use cookies and collect identifying information. See terms. The Jeopardy! game show and all elements thereof, including but not limited to copyright and trademark thereto, are the property of Jeopardy Productions, Inc. and are protected under law. This website is not affiliated with, sponsored by, or operated by Jeopardy Productions, Inc. Join the discussion at JBoard.tv.